| 000 | 00528nam a2200169 a 4500 | ||
|---|---|---|---|
| 001 | 000035541 | ||
| 005 | 20200930074423.0 | ||
| 008 | 111103s2005 xxu 000 0 spa d | ||
| 020 | _a1933439009 | ||
| 040 |
_aDO-SdBNP _bspa _cBNPHU |
||
| 082 |
_axxx _bA366c |
||
| 100 | 1 |
_aAguilar, Alejandro, _e1958- _921644 |
|
| 245 | 1 | 0 |
_aCasa de cambio / _cAlejandro Aguilar. |
| 260 |
_aEstados Unidos : _bCursack Books, _c2005. |
||
| 300 |
_a138 p. ; _c22 cm. |
||
| 586 | _aMención de honor del premio Italo Calvino, La Habana, diciembre 1997 | ||
| 999 |
_c35032 _d35032 |
||